000 01209nam a22002657a 4500
005 20170124103104.0
010 _a987764
020 _c40.00
035 _a987764
037 _bCen Lib/Ret
040 _aDPL
_bHN
082 _a821.08
_bमध्यका
245 _aमध्यकालीन हिंदी साहित्य /
_cसंपादक विजयेन्द्र [एवं] रामजी मिश्र
246 _aMAdhyaleen hindi sahitya /
_bsampadak Vijendra [evam] Ramji Mishr
260 _aदिल्ली
_bप्रेम पुस्तक भंडार
_c1979
270 _b दिल्ली
_a1644, सोहन गंज, सब्जी मंदी
_e110007
300 _a438पृ.
_c20सेमी(सजिल्द )
650 _a साहित्य--कविता
_x
_977792
650 _aहिंदी--कविता--भक्ति काल
_977793
650 _aLiterature--Poetry
_977794
650 _aHindi--poetry--Bhakti period
_977795
700 _aविजेंन्द्र
_943304
700 _aमिश्र, रामजी
_977796
942 _2ddc
_cHN
_h821.08
_mमध्यका
999 _c117980
_d117980